LDR 00749naa#a2200193#i#450# 001 EN\\bibl\123401 005 20260705225925.7 011 ## _a1994-4683 100 ## _a20230731b2023####ek#y0engy0150####ca 102 ## _aRU 200 1# _aCORRELATION BETWEEN STRENGTH AND PERFORMANCE IN UNDERWATER RUGBY: A STATISTICAL STUDY OF ONE-YEAR TRAINING CYCLES _eJournal article 210 1# _aMoscow _cNational State University of Physical Education, Sports and Health named after P.F. Lesgaft _d2023 215 ## _a3 с. 608 ## _aJournal article _2local 675 ## _aИгры с мячом ногами и руками. 796.33 _z 700 #1 _aMazurenko _gEvgeny Anatolyevich 700 #1 _aGrinchenko _gV S 700 #1 _aPetrenko _gYana Sergeevna 856 4# _auchzapiski.lesgaft.spb.ru _u